| 000 | 00663nam a2200241Ia 4500 | ||
|---|---|---|---|
| 003 | OSt | ||
| 005 | 20220928123920.0 | ||
| 006 | a|||||r|||| 00| 0 | ||
| 007 | ta | ||
| 008 | 220927b |||||||| |||| 00| 0 eng d | ||
| 024 | _a80933 | ||
| 037 | _cTextual | ||
| 040 |
_aSDCL _cSDCL _beng |
||
| 041 |
_2eng _aeng |
||
| 082 | _aD65151, N6 | ||
| 100 |
_aShepherd Peter _9462226 |
||
| 245 | 0 |
_aIntegrated circuit _b Design, fabrication and test. |
|
| 260 |
_aNew York _b McGraw-Hill _c1996 |
||
| 300 |
_axv,223p _ccm. |
||
| 650 |
_aIntegrated Circuits _9427334 |
||
| 942 |
_hD65151, N6 _cTEXL _2CC |
||
| 999 |
_c775225 _d775225 |
||